000 00544nam a2200193Ia 4500
001 40742
003 OSt
005 20171013115815.0
008 140424s9999 xx 000 0 und d
020 _a9780195476682
040 _cPK-LaUMT
082 _a307.141209P
_bSHO-A
100 _aShoaib Sultan Khan
245 4 _aThe Agha Khan rural support programme
_ba journey through grassroots development
_cShoaib Sultan Khan
260 _aKarachi,Pakistan:
_bOxford University Press,
_c2009
300 _a502 p.
546 _aEN
942 _cBK
_2ddc
999 _c39914
_d39914